[Event "HUN-chT Csongrad Region"]
[Site "Hungary"]
[Date "2015.09.20"]
[Round "1.4"]
[White "Katai, Csaba"]
[Black "Venicz, Levente"]
[Result "1-0"]
[WhiteElo "1683"]
[BlackElo "1708"]
[PlyCount "91"]
[EventDate "2015.09.20"]
[EventType "team-tourn"]
[EventRounds "9"]
[EventCountry "HUN"]
[SourceTitle "EXT 2017"]
[Source "ChessBase"]
[SourceDate "2016.10.25"]
[SourceVersion "1"]
[SourceVersionDate "2016.10.25"]
[SourceQuality "1"]

1. e4 c5 2. Nf3 d6 3. d4 cxd4 4. Qxd4 Nc6 5. Bb5 Qa5+ 6. Nc3 Bd7 7. Qa4 Qxa4 8. Bxa4 Nf6 9. h3 g6 10. Be3 Bg7 11. Nd5 Nxd5 12. exd5 Nb8 13. Bxd7+ Nxd7 14. Rb1 0-0 15. 0-0 Rac8 16. Rfc1 f5 17. b3 f4 18. Bd4 Bxd4 19. Nxd4 Rf6 20. Re1 Rf7 21. Re2 Rc5 22. c4 Ne5 23. f3 a6 24. a4 h6 25. Ra1 g5 26. Ne6 Rc8 27. a5 Kh7 28. Rc1 Kg6 29. Rd2 h5 30. Kf2 g4 31. Rc3 g3+ 32. Ke2 Nd7 33. b4 Ne5 34. c5 dxc5 35. Rxc5 Rxc5 36. Nxc5 Nc4 37. Rd4 Ne3 38. Nxb7 Nxg2 39. Nd8 Rf6 40. Ne6 h4 41. b5 Kh6 42. b6 Rg6 43. Rb4 Ne1 44. b7 g2 45. b8Q g1Q 46. Qh8# 1-0